| 000 | 00000nas##2200000za#4500 |
| 001 | 9.500896 |
| 003 | CaOODSP |
| 005 | 20210615082214 |
| 007 | cr ||||||||||| |
| 008 | 150406c1990||||xxc|| m o||||f| |0fre|d |
| 040 | |aCaOODSP|bfre |
| 043 | |an-cn--- |
| 086 | 1 |aMP32-28F-PDF |
| 110 | 1 |aCanada.|bDéveloppement des ressources humaines Canada. |bDirection générale de la recherche appliquée. |
| 245 | 10|aDocument de travail |h[ressource électronique] |
| 246 | 3 |aDocument de travail (Canada. Développement des ressources humaines Canada. Direction générale de la recherche appliquée) |
| 260 | |aOttawa - Ontario : |bDéveloppement des ressources humaines Canada. |c[1900?]--. |
| 691 | 07|aMarché du travail|2gcpds |
| 691 | 07|aPolitique gouvernementale|2gcpds |
| 775 | 08|tWorking paper |w(CaOODSP)9.504477 |
| 776 | 0#|tDocument de travail |w(CaOODSP)9.513149 |